වතුර බිංදු /

Vathura bindu
Saved in:
Bibliographic Details
Main Author: ද සිල්වා, එස්. ආර්
Format: Book
Published: මීගමුව : සමගි ප්‍රින්ට් හවුස් ඇන්ඩ් පබ්ලිෂර්ස්, [ ? ].
Subjects:
Tags: Add Tag
No Tags, Be the first to tag this record!

MARC

LEADER 00000nam a2200000 4500
003 LK-CoNLD
005 20260410092130.0
008 260220b |||||||| |||| 00| 0 ||| d
015 |2 slnb 
017 |a 505013  |b LK-CoDNA 
040 |a LK-CoNLD  |b SIN  |c LK-CoNLD  |d LK-CoNLD 
082 |2 23  |q LK-CoNLD  |a 891.483 
100 |a ද සිල්වා, එස්. ආර්.  |9 93245 
245 |6 880-1  |a වතුර බිංදු /  |c එස්. ආර්. ද සිල්වා. 
260 |a මීගමුව :  |b සමගි ප්‍රින්ට් හවුස් ඇන්ඩ් පබ්ලිෂර්ස්,  |c [ ? ]. 
300 |a පි. 6 : චිත්‍ර ;  |c සෙමි. 21.  |b කබැ-බෝක : රු. 180.00 
650 0 |a ළමා කතා, සිංහල  |9 2447 
650 0 |a Children's stories, Sinhalese  |9 2448 
880 |6 245-1  |a Vathura bindu 
942 |c BOOK 
945 |a 20907  |b Asoka NANAYAKKARA  |c 21056  |d Kalpana KUMARATHUNGA 
999 |c 297572  |d 297572